Responses for Show #1059 - Thursday, March 23, 1989

Contestants

[<< previous game]

Ken Rapoport, a package designer originally from Cleveland, Ohio

Marisa Zanini, a lawyer from Toronto, Ontario

Alison Whitney, a preschool director and teacher from Orlando, Florida (whose 1-day cash winnings total $3,599)

[next game >>]

Jeopardy! Round responses

LAW
MOVIE ATHLETES
HAIRDOS
NOVELS
THE PAPACY
PROVERBIAL FOOD
    $100 9
jury

Ken
    $100 11
Bang the Drum Slowly

Marisa
    $100 7
Mohawk

Alison
    $100 4
the United States

Alison
    $100 14
bull

Triple Stumper
    $100 1
an apple a day keeps the doctor away

Alison
    $200 10
your own recognizance

Alison
    $200 12
National Velvet

Marisa
    $200 16
Pompadour

Marisa
    $200 5
David Copperfield

Marisa
    $200 18
Your Holiness

Ken
    $200 2
one man's meat

Triple Stumper
    $300 19
(Ken: What are Sunday & Monday?)
(Alison: What are Saturday & Sunday?)
...
(Alex: You both misread the clue... they were to account for leap years.)

February 28th & 29th

AlisonKen
Triple Stumper
    $300 13
Nicolas Cage

Triple Stumper
    $300 17
(Ken: What is a butch?)
(Alison: What is a buzz?)

flattop

AlisonKen
Triple Stumper
    $300 6
F. Scott Fitzgerald

Marisa
    $300 3
(Ken: What is paying the piper?)

peanuts

Ken
Triple Stumper
    $400 20
battery

Ken
    $400 22
Blood and Sand

Triple Stumper
    $400 26
[The end-of-round signal sounds.]
(Alex: We have a net plus score of $100. That's all I'm going to say!)

chignon

Alison
    $400 8
The House of the Seven Gables

Ken
    $400 24
(Alison: I'm sorry - soup of the day?)

too many cooks spoil the broth

Alison
Triple Stumper
    $500 21
(Marisa: What is divide?)

bequeath

Marisa
Triple Stumper
    $500 23
(Alex: We've got less than a minute to go.)

Shirley Muldowney

Triple Stumper
    $500 15
(Marisa: What is "Of Mice and Men?")

Now is the Winter of Our Discontent

Marisa
    $500 25
measure

Triple Stumper

Scores at the first commercial break (after clue 13):

Alison Marisa Ken
$500 $800 $200

Scores at the end of the Jeopardy! Round:

Alison Marisa Ken
-$100 $0 $200

Double Jeopardy! Round responses

1900
TRAVEL U.S.A.
COMPOSERS
ISLANDS
BIRDS
"HUNT"s
    $200 16
Kodak

Alison
    $200 4
Robert E. Lee

Alison
    $200 24
coffee

Triple Stumper
    $200 7
Jamaica

Alison
    $200 1
crane

Alison
    $200 11
Chet Huntley

Marisa
    $400 21
Paris

Marisa
    $1,400 13
John Philip Sousa

Ken
    $400 27
[end-of-round signal sounds]

Franz Liszt

Triple Stumper
    $400 8
Galveston

Ken
    $400 2
pouch

Alison
    $400 12
Daddy's gone a-hunting

Ken
    $600 22
the Queen Mother

Alison
    $600 14
Heritage USA

Alison
    $600 9
Skye

Marisa
    $600 3
carrion

Ken
    $600 17
(Alison: What is a treasure hunt?)

scavenger hunt

AlisonMarisa
    $800 25
The Wizard of Oz

Alison
    $800 15
D.H. Lawrence

Marisa
    $1,000 10
Sicily & Sardinia

Marisa
    $800 5
hummingbird

Alison
    $800 18
(Ken: What is holly?)
(Alex: Be more specific...)

Holly Hunter

AlisonKen
    $1000 26
(Ken: Who was Teddy Roosevelt?)

William Jennings Bryan

Ken
Triple Stumper
    $1000 23
(Alex: Minute to go, Alison.)

Navajo

Triple Stumper
    $1000 20
(Alison: What are the Pepper Islands?)

the Spice Islands

AlisonMarisa
    $1000 6
sandpipers

Alison
    $1000 19
Huntington

Ken

Scores at the end of the Double Jeopardy! Round:

Alison Marisa Ken
$4,100 $4,600 $2,200

[wagering suggestions for these scores]

Final Jeopardy! Round responses

FIRST FAMILIES
KenWho was [Tricia Nixon]? Ford
$2,000
AlisonWho was Tricia [Lynda Byrd] Nixon [Johnson?]
$4,000
MarisaWho is [Roosevelt]? Johnson?
$3,501
Tricia Nixon

Final scores:

Alison Marisa Ken
$8,100 $1,099 $200
2-day champion: $11,699 2nd place: Zenith Data Systems portable computer & GTE Walkmate telephone 3rd place: Casablanca ceiling fan

Game dynamics:

Coryat scores:

Alison Marisa Ken
$4,100 $4,900 $1,200
16 R,
5 W
12 R
(including 1 DD),
2 W
(including 1 DD)
9 R
(including 1 DD),
5 W

Combined Coryat: $10,200

[game clues] [game scores] [suggest correction]

Game tape date: 1988-12-05
The J! Archive is created by fans, for fans. Scraping, republication, monetization, and malicious use prohibited; this site may use cookies and collect identifying information. See terms. The Jeopardy! game show and all elements thereof, including but not limited to copyright and trademark thereto, are the property of Jeopardy Productions, Inc. and are protected under law. This website is not affiliated with, sponsored by, or operated by Jeopardy Productions, Inc. Join the discussion at JBoard.tv.